000 01042nam a22002657a 4500
005 20250522164233.0
010 _aENG-144974 ENG-102092 B-463945 B-687527-530
020 _a9780198067504
_c745.00
020 _a9780199453375
_c495.00
020 _a019806750x
_c745.00
035 _aEN-85625 B-463945
035 _aB-687527-530
035 _aEN-128506
037 _bDBAD
082 0 0 _a323.154
100 _aBajpai, Rochana
_981340
245 0 0 _aDebating difference:
_cby Rochana Bajpai
_bgroup rights and liberal democracy in India /
260 _aNew Delhi
_bOxford University Press
_c2011
270 _aYMCA Library Building, Jai Singh Road
_bNew Delhi
_e110001
300 _axiv,324p.
_c23cm (Hb)
300 _axiv,324p.
_c22cm (pb)
500 _aIncludes bibliographical references and index
942 _2ddc
_cEN
_h323.154
_mBAJ
999 _c50960
_d50960